| 000 | 00723nam a2200217Ia 4500 | ||
|---|---|---|---|
| 003 | OSt | ||
| 005 | 20240905102334.0 | ||
| 008 | 220927b |||||||| |||| 00| 0 eng d | ||
| 020 |
_c958.36069999999995 _a9781849663496 |
||
| 037 |
_b136, 01/11/2011, Pioneer Book Distributors _cTextual |
||
| 040 |
_aSDCL _cSDCL _beng |
||
| 041 |
_2eng _aeng |
||
| 082 | _aY Q1 | ||
| 100 |
_aMcLennan, Gregor _9452589 |
||
| 245 | 0 |
_aStory of sociology : _b A first companion to social theory / |
|
| 260 |
_aLondon : _bBloomsbury Academic, _c2011. |
||
| 300 | _axiii,177p | ||
| 650 | _aPolitical Science | ||
| 942 |
_hY Q1 _cTEXL _2CC |
||
| 999 |
_c766550 _d766550 |
||